La alfabetización y la educación de adultos: resoluciones y recomendaciones adoptadas por los órganos del sistema interamericano y las conferencias regionales organizadas por la OEA y otros organismos internacionales 1943 - 1963

Saved in:
Bibliografiske detaljer
Institution som forfatter: OEA (Author)
Format: Bog
Sprog:spansk
Udgivet: Washington, D.C Departamento de Asuntos Educativos. Servicio de Documentación 1963
Fag:
Tags: Tilføj Tag
Ingen Tags, Vær først til at tagge denne postø!

MARC

LEADER 00000nam a2200000 a 4500
001 UCU1072
003 CL-VaPUC
008 960329e19630000US |||||||||||||||||spa|d
082 0 4 |a 374.012  |b OEA  |2 21 
110 2 |a OEA  |e author  |9 356677 
245 1 3 |a La alfabetización y la educación de adultos: resoluciones y recomendaciones adoptadas por los órganos del sistema interamericano y las conferencias regionales organizadas por la OEA y otros organismos internacionales 1943 - 1963 
300 |a 63 p 
942 |c BK 
945 |d 19960329 00:00:00  |a lriquelm 
260 |a Washington, D.C  |b Departamento de Asuntos Educativos. Servicio de Documentación  |c 1963 
650 0 |a Alfabetización   |9 310435 
650 0 |a Educación de adultos  |9 307580 
650 0 |a Adultos   |9 335034 
650 0 |a Métodos de enseñanza  |9 270413 
650 0 |a Alfabetización de adultos   |9 310117 
583 |a last modification  |c 19960329 00:00:00  |k Rodrigo Vera 
999 |c 245831  |d 245829 
952 |0 0  |1 0  |4 0  |6 374_012000000000000_OEA_1963  |7 0  |8 P  |9 260437  |a BIBEDU  |b BIBEDU  |c BIBEDU_PB  |d 2019-11-19  |i 2008513  |o 374.012 OEA 1963  |p 2008513  |r 2024-01-25  |w 2019-11-19  |y BK  |k EDU